书目信息 |
| 题名: |
上海股市实用操作技巧
|
|
| 作者: | 夏时柏 编著 | |
| 分册: | ||
| 出版信息: | 北京 经济日报出版社 1995 |
|
| 页数: | ||
| 开本: | ||
| 丛书名: | ||
| 单 册: | ||
| 中图分类: | F832.5 | |
| 科图分类: | 29.7955 | |
| 主题词: | 资本市场--上海 | |
| 电子资源: | ||
| ISBN: | 7-80036-985-4 | |
| 000 | 00635nam0 2200217 45 | |
| 001 | 0193017964 | |
| 005 | 20070725102725.14 | |
| 010 | @a7-80036-985-4@dCNY8.00 | |
| 100 | @a19800101d1995 em y0chiy0121 ea | |
| 101 | 0 | @achi |
| 102 | @aCN@b110000 | |
| 105 | @ay z 000yy | |
| 200 | 10 | @a上海股市实用操作技巧@Ashang hai gu shi shi yong cao zuo ji qiao@f夏时柏编著@Fxia shi bai bian zhu |
| 210 | @a北京@c经济日报出版社@d1995@h1996 | |
| 540 | 1 | @a股市@AGU SHI |
| 606 | @a资本市场@y上海 | |
| 690 | @aF832.5@v三版 | |
| 692 | @a29.7955 | |
| 701 | 0 | @a夏时柏@Axia shi bai@4编著 |
| 801 | 0 | @aCN@bTSSF@c20070725 |
| 905 | @a10447@dF832.5@e51 | |
| 上海股市实用操作技巧/夏时柏编著.-北京:经济日报出版社,1995(1996) |
| ISBN 7-80036-985-4:CNY8.00 |
| ● |
| 相关链接 |
|
|
|
|
正题名:上海股市实用操作技巧
索取号:F832.5/51
 
预约/预借
| 序号 | 登录号 | 条形码 | 馆藏地/架位号 | 状态 | 备注 |
| 1 | 0767106 | 207671063 | 第一样本阅览室/ [索取号:F832.5/51] | 在馆 | |
| 2 | 0767449 | 207674499 | 密集书库/ [索取号:F832.5/51] | 在馆 |